000 00406nam a22001697a 4500
003 MPLRDC
005 20220104113613.0
008 210129b ||||| |||| 00| 0 eng d
082 _a848.1 LYT-18
100 _a林语堂等著
245 _a林语堂生活与思想
_c
260 _a
_b大东书局
_c1966
300 _b
490 _a幽默大师
650 _a现代别集
942 _cBK
_o848.1 LYT-18
999 _c911
_d901